[Event "Ufa Siamidi Memorial op"]
[Site "Ufa"]
[Date "2009.10.10"]
[Round "8"]
[White "Imashev, Ildar"]
[Black "Dolomatov, Nikolai"]
[Result "0-1"]
[WhiteElo "2283"]
[BlackElo "2246"]
[PlyCount "80"]
[EventDate "2009.10.03"]
[EventType "swiss"]
[EventRounds "9"]
[EventCountry "RUS"]
[SourceTitle "EXT 2011"]
[Source "ChessBase"]
[SourceDate "2010.11.26"]
[SourceVersion "1"]
[SourceVersionDate "2010.11.26"]
[SourceQuality "1"]

1. c4 c5 2. Nf3 Nf6 3. Nc3 b6 4. g3 Bb7 5. Bg2 d6 6. 0-0 e6 7. Re1 Ne4 8. Nxe4 Bxe4 9. d3 Bb7 10. e4 Nd7 11. d4 cxd4 12. Nxd4 a6 13. b3 Be7 14. Bb2 0-0 15. Qe2 Qc7 16. Rad1 Rfe8 17. Qd2 Nc5 18. Re2 Rad8 19. f4 Qb8 20. Rde1 Qa8 21. Qc2 Rc8 22. Qd2 Bf8 23. Nc2 Red8 24. Qe3 b5 25. cxb5 axb5 26. Nb4 d5 27. exd5 exd5 28. Bd4 Ne6 29. Nd3 b4 30. Rd2 Nxd4 31. Qxd4 Qa5 32. Kh1 Ba6 33. Ne5 f6 34. Nf3 Rc3 35. Qf2 Bc5 36. Nd4 Qb6 37. Red1 Re8 38. Re1 Re4 39. Rxe4 dxe4 40. Bxe4 Bb7 0-1

[Event "Ufa Siamidi Memorial op"]
[Site "Ufa"]
[Date "2009.10.07"]
[Round "5"]
[White "Dolomatov, Nikolai"]
[Black "Zhdanov, Mihail"]
[Result "1/2-1/2"]
[WhiteElo "2246"]
[BlackElo "2162"]
[PlyCount "58"]
[EventDate "2009.10.03"]
[EventType "swiss"]
[EventRounds "9"]
[EventCountry "RUS"]
[SourceTitle "EXT 2011"]
[Source "ChessBase"]
[SourceDate "2010.11.26"]
[SourceVersion "1"]
[SourceVersionDate "2010.11.26"]
[SourceQuality "1"]

1. e4 e5 2. Nf3 Nc6 3. Bb5 d6 4. 0-0 Nf6 5. Re1 Be7 6. c3 0-0 7. h3 Bd7 8. d4 Re8 9. Ba4 Bf8 10. Nbd2 g6 11. Bb3 Bg7 12. dxe5 dxe5 13. Nc4 Nh5 14. Ne3 Be6 15. Nd5 Na5 16. Ng5 Nxb3 17. Qxb3 c6 18. Nxe6 Rxe6 19. Ne3 Qc7 20. a4 Nf4 21. Qc2 Rd8 22. Nc4 Nd3 23. Rf1 Nxc1 24. Raxc1 Bh6 25. Rcd1 Ree8 26. b4 b5 27. Na3 a6 28. c4 a5 29. cxb5 axb4 1/2-1/2